[Event "Lisbon Portugal rapid op"]
[Site "Lisbon"]
[Date "2019.02.10"]
[Round "5"]
[White "Godzwon, Iwo"]
[Black "Tieres, Cristiano Rodrigues"]
[Result "1-0"]
[WhiteElo "2322"]
[BlackElo "1850"]
[PlyCount "95"]
[EventDate "2019.02.10"]
[EventType "swiss (rapid)"]
[EventRounds "8"]
[EventCountry "POR"]
[SourceTitle "CBM 188 Extra"]
[Source "ChessBase"]
[SourceDate "2019.02.26"]
[SourceVersion "1"]
[SourceVersionDate "2019.02.26"]
[SourceQuality "1"]

1. d4 Nf6 2. c4 g6 3. Nf3 Bg7 4. g3 0-0 5. Bg2 d6 6. 0-0 a6 7. Nc3 Nc6 8. Qc2 Rb8 9. Rd1 Bd7 10. e4 Bg4 11. Be3 Nd7 12. Ne2 Nb4 13. Qa4 Nc6 14. Rac1 Nb6 15. Qc2 Qe8 16. a3 Nd7 17. b4 e6 18. h3 Bxf3 19. Bxf3 f5 20. Nf4 g5 21. Nxe6 Qxe6 22. d5 Qh6 23. dxc6 Ne5 24. Bg2 f4 25. Bd4 fxg3 26. fxg3 Nf3+ 27. Bxf3 Bxd4+ 28. Rxd4 Rxf3 29. Rd3 Rxd3 30. Qxd3 bxc6 31. Kg2 Qg7 32. Rf1 Rf8 33. Rf5 Qb2+ 34. Kf3 Rxf5+ 35. exf5 Qe5 36. Qe4 Qc3+ 37. Kg4 Qf6 38. Qxc6 Qd4+ 39. Kxg5 Qg7+ 40. Kf4 Qh6+ 41. Ke4 Qxh3 42. Qe8+ Kg7 43. Qe7+ Kg8 44. Qd8+ Kf7 45. Qxc7+ Kg8 46. Qc8+ Kf7 47. Qe6+ Kg7 48. f6+ 1-0

[Event "Lisbon Portugal rapid op"]
[Site "Lisbon"]
[Date "2019.02.10"]
[Round "7"]
[White "Tieres, Cristiano Rodrigues"]
[Black "Gu, Xiaobing"]
[Result "0-1"]
[WhiteElo "1850"]
[BlackElo "2326"]
[PlyCount "120"]
[EventDate "2019.02.10"]
[EventType "swiss (rapid)"]
[EventRounds "8"]
[EventCountry "POR"]
[SourceTitle "CBM 188 Extra"]
[Source "ChessBase"]
[SourceDate "2019.02.26"]
[SourceVersion "1"]
[SourceVersionDate "2019.02.26"]
[SourceQuality "1"]

1. d4 Nf6 2. c4 g6 3. Nc3 Bg7 4. e4 d6 5. Nf3 0-0 6. h3 Na6 7. Bg5 c6 8. Be2 h6 9. Be3 e5 10. d5 Nh5 11. g3 f5 12. exf5 gxf5 13. dxc6 bxc6 14. Qd2 f4 15. gxf4 Nxf4 16. 0-0-0 Qa5 17. Qxd6 Nxe2+ 18. Nxe2 Qxa2 19. Rhg1 Qa1+ 20. Kd2 Qa5+ 21. Kc1 Qa1+ 22. Kd2 Qxb2+ 23. Ke1 Qb4+ 24. Qxb4 Nxb4 25. Nxe5 Kh7 26. Bc5 Nc2+ 27. Kd2 Re8 28. Nd3 Ba6 29. Rc1 Na1 30. Rxg7+ Kxg7 31. Rxa1 Bxc4 32. Nd4 a5 33. Rg1+ Kf6 34. Kc3 Bxd3 35. Kxd3 a4 36. Nxc6 a3 37. Bd4+ Kf5 38. Nb4 Ra4 39. Kc3 a2 40. Kb3 Rea8 41. Ba1 Ra3+ 42. Kc4 Rxh3 43. Rd1 Rh4+ 44. Kc5 Ra3 45. Nd5 Rb3 46. Ne3+ Kg6 47. Rd6+ Kf7 48. Rf6+ Ke8 49. Re6+ Kd7 50. Rd6+ Kc8 51. Ra6 Rh2 52. Kc6 Rxf2 53. Ra8+ Rb8 54. Rxb8+ Kxb8 55. Be5+ Kc8 56. Nd5 Kd8 57. Nb4 h5 58. Kd6 h4 59. Ke6 Re2 60. Kf5 Rxe5+ 0-1

[Event "Lisbon Portugal rapid op"]
[Site "Lisbon"]
[Date "2019.02.10"]
[Round "6"]
[White "Tieres, Cristiano Rodrigues"]
[Black "Quintino, Luis Felipe Pires"]
[Result "1-0"]
[WhiteElo "1850"]
[BlackElo "1868"]
[PlyCount "69"]
[EventDate "2019.02.10"]
[EventType "swiss (rapid)"]
[EventRounds "8"]
[EventCountry "POR"]
[SourceTitle "CBM 188 Extra"]
[Source "ChessBase"]
[SourceDate "2019.02.26"]
[SourceVersion "1"]
[SourceVersionDate "2019.02.26"]
[SourceQuality "1"]

1. d4 d5 2. c4 c6 3. Nc3 Nf6 4. Nf3 g6 5. cxd5 cxd5 6. Bf4 Qa5 7. Bd2 Qd8 8. Qb3 Bg7 9. Bf4 a6 10. e3 Nc6 11. h3 0-0 12. Bd3 Na5 13. Qa3 b5 14. 0-0 Bb7 15. b3 Rc8 16. Qb2 Nc6 17. Be2 Nh5 18. Bh2 f5 19. Ne1 f4 20. Bxh5 fxe3 21. Bg4 Rxf2 22. Ne2 Bxd4 23. Qc1 Qf8 24. Bf3 Ne5 25. Nxd4 Rxc1 26. Rxc1 Nxf3+ 27. Nexf3 Bc8 28. Rxf2 exf2+ 29. Kxf2 Bf5 30. Be5 Qh6 31. Rc7 Qf8 32. Rb7 h6 33. Rb8 Bc8 34. Nc6 Qf5 35. Rxc8+ 1-0

[Event "POR-chT Province"]
[Site "Luso"]
[Date "2014.07.20"]
[Round "2.1"]
[White "Rodrigues, Jose AA"]
[Black "Tieres, Cristiano Rodrigues"]
[Result "1-0"]
[WhiteElo "2110"]
[BlackElo "1822"]
[PlyCount "93"]
[EventDate "2014.07.19"]
[EventType "team"]
[EventRounds "2"]
[EventCountry "POR"]
[SourceTitle "EXT 2015"]
[Source "ChessBase"]
[SourceDate "2014.11.20"]
[SourceVersion "1"]
[SourceVersionDate "2014.11.20"]
[SourceQuality "1"]
[WhiteTeam "Porto AX"]
[BlackTeam "Aveiro"]
[WhiteTeamCountry "POR"]
[BlackTeamCountry "POR"]

1. d4 Nf6 2. c4 g6 3. Nc3 Bg7 4. e4 d6 5. f4 c5 6. d5 0-0 7. Nf3 e6 8. Be2 exd5 9. cxd5 Bg4 10. 0-0 Nbd7 11. Re1 Re8 12. h3 Bxf3 13. Bxf3 Qa5 14. g4 h6 15. h4 h5 16. g5 Ng4 17. Bxg4 hxg4 18. Bd2 b5 19. Qxg4 b4 20. Nd1 Nb6 21. h5 c4 22. Rc1 Qc5+ 23. Kg2 Nxd5 24. Qf3 Nb6 25. Be3 Qc6 26. h6 Bh8 27. h7+ Kxh7 28. Rh1+ Kg8 29. Rxh8+ Kxh8 30. Bd4+ Kg8 31. Nf2 f5 32. gxf6 Kf7 33. Nh3 Rh8 34. Ng5+ Kf8 35. Rh1 Rxh1 36. Kxh1 Qa4 37. f5 Qc2 38. Nh7+ Ke8 39. fxg6 Qc1+ 40. Kg2 Kd7 41. f7 Qd2+ 42. Bf2 Qh6 43. Qh3+ Qxh3+ 44. Kxh3 Ke7 45. Bh4+ Ke6 46. f8Q Rxf8 47. Nxf8+ 1-0

[Event "St Joao da Madeira op 10th"]
[Site "Sao Joao da Madeira"]
[Date "2013.10.12"]
[Round "6.14"]
[White "Oliveira, Manuel Jorge Pinho"]
[Black "Tieres, Cristiano Rodrigues"]
[Result "0-1"]
[WhiteElo "1630"]
[BlackElo "1787"]
[PlyCount "86"]
[EventDate "2013.10.05"]
[EventType "swiss"]
[EventRounds "7"]
[EventCountry "POR"]
[SourceTitle "EXT 2015"]
[Source "ChessBase"]
[SourceDate "2014.11.20"]
[SourceVersion "1"]
[SourceVersionDate "2014.11.20"]
[SourceQuality "1"]

1. f4 Nf6 2. d4 g6 3. Nf3 Bg7 4. e3 0-0 5. Bd3 d5 6. 0-0 c5 7. c3 b6 8. Nbd2 Bb7 9. Ne5 Nfd7 10. Qg4 f5 11. Qh3 Nxe5 12. fxe5 e6 13. Rf3 Ba6 14. Bxa6 Nxa6 15. Rg3 Rf7 16. Nf3 Bf8 17. Ng5 Re7 18. Bd2 h6 19. Nf3 g5 20. e4 dxe4 21. Nxg5 hxg5 22. Bxg5 Bg7 23. Qh4 Kf8 24. Bxe7+ Qxe7 25. Qxe7+ Kxe7 26. Rxg7+ Kf8 27. Rg6 Kf7 28. Rf6+ Ke7 29. Rf1 cxd4 30. cxd4 Rd8 31. Rc1 Rxd4 32. Rc6 Nc5 33. Rc7+ Nd7 34. Rxa7 Rd1+ 35. Kf2 Rd2+ 36. Kf1 e3 37. Rg6 Rf2+ 38. Ke1 Kf7 39. Rg5 Rd2 40. Rh5 Kg6 41. Rh3 f4 42. a4 Nxe5 43. g4 f3 0-1

[Event "St Joao da Madeira op 10th"]
[Site "Sao Joao da Madeira"]
[Date "2013.10.06"]
[Round "4.14"]
[White "Nogueira, Diana Sofia Cunha"]
[Black "Tieres, Cristiano Rodrigues"]
[Result "0-1"]
[WhiteElo "1405"]
[BlackElo "1787"]
[PlyCount "72"]
[EventDate "2013.10.05"]
[EventType "swiss"]
[EventRounds "7"]
[EventCountry "POR"]
[SourceTitle "EXT 2015"]
[Source "ChessBase"]
[SourceDate "2014.11.20"]
[SourceVersion "1"]
[SourceVersionDate "2014.11.20"]
[SourceQuality "1"]

1. e4 c5 2. Nc3 Nc6 3. g3 g6 4. Bg2 Bg7 5. d3 Rb8 6. f4 d6 7. Nf3 e6 8. 0-0 Nge7 9. a4 0-0 10. Qe2 d5 11. e5 a6 12. Bd2 Nf5 13. Qf2 b6 14. g4 Nfd4 15. Nxd4 Nxd4 16. Be3 Nc6 17. g5 Ne7 18. Ne2 d4 19. Bd2 a5 20. h4 h5 21. gxh6 Bxh6 22. Bh3 Nf5 23. Bxf5 gxf5 24. Kh2 Kh7 25. Rg1 Bb7 26. Kh3 Qd5 27. Raf1 Rg8 28. Ng3 Bf8 29. Qe2 Rg6 30. Qh5+ Kg7 31. Qe2 Be7 32. h5 Rh8 33. Rg2 Kf8 34. Rgf2 Rg4 35. Kh2 Bh4 36. Be1 Bxg3+ 0-1